| 000 | 00734cam a22002053a 4500 | ||
|---|---|---|---|
| 001 | 44509 | ||
| 003 | PGUSA | ||
| 005 | 20140828084021.0 | ||
| 008 | 131225s2013||||xxu|||||s|||||000 | eng d | ||
| 040 |
_aPGUSA _beng |
||
| 042 | _adc | ||
| 100 | 1 |
_aZerffi, G. G. _q(Gustavus George) |
|
| 245 | 1 | 2 |
_aA Manual of the Historical Development of Art : _bPre-Historic—Ancient—Classic—Early Christian; with Special Reference to Architecture, Sculpture, Painting, and Ornamentation _h[electronic resource] / _cG. G. Zerffi |
| 260 |
_bProject Gutenberg, _c2013 |
||
| 506 | _aPublic domain in the USA. | ||
| 516 | _aElectronic text | ||
| 830 | 0 |
_aProject Gutenberg _v44509 |
|
| 856 | 4 | 0 | _uhttp://www.gutenberg.org/ebooks/44509 |
| 942 | _cEB | ||
| 999 |
_c273760 _d273760 |
||